[Event "Hamburg-ch MB"]
[Site "Hamburg"]
[Date "2019.06.14"]
[Round "7"]
[White "Christensen, Andreas"]
[Black "Joehnk, Christian"]
[Result "1/2-1/2"]
[WhiteElo "1854"]
[BlackElo "1968"]
[PlyCount "90"]
[EventDate "2019.06.08"]
[EventType "swiss"]
[EventRounds "9"]
[EventCountry "GER"]
[SourceTitle "EXT 2022"]
[Source "ChessBase"]
[SourceDate "2021.10.06"]
[SourceVersion "1"]
[SourceVersionDate "2021.10.06"]
[SourceQuality "1"]

1. e4 e6 2. d4 a6 3. h3 b5 4. Be3 Bb7 5. Bd3 Nf6 6. Nd2 d6 7. a4 Nbd7 8. Ne2 c5 9. axb5 axb5 10. Bxb5 Nxe4 11. Nc4 Qc7 12. f3 Nef6 13. dxc5 Nd5 14. Bf2 0-0-0 15. b4 dxc5 16. Bg3 e5 17. 0-0 cxb4 18. Kh1 f6 19. Nd4 Qc5 20. Ra5 Qxd4 21. Qxd4 exd4 22. Rfa1 N7b6 23. Nd2 Nc7 24. Bd3 Bd6 25. Bf5+ Kb8 26. Bf2 Be5 27. Nb3 Nc4 28. Rc5 Nd6 29. Bd3 Ne6 30. Rca5 Kc7 31. Nc5 Nxc5 32. Rxc5+ Kb6 33. Raa5 Ra8 34. Rxe5 fxe5 35. Rxe5 Rhe8 36. Bxd4+ Kc6 37. Rc5+ Kd7 38. Bxg7 Ba6 39. Bf5+ Nxf5 40. Rxf5 Re2 41. Bf8 Ke6 42. Rf4 Rxc2 43. Rxb4 Bf1 44. Bg7 Bxg2+ 45. Kg1 Ra1+ 1/2-1/2

[Event "Hamburg-ch MB"]
[Site "Hamburg"]
[Date "2019.06.11"]
[Round "4"]
[White "Ruider, Thomas"]
[Black "Joehnk, Christian"]
[Result "0-1"]
[WhiteElo "1790"]
[BlackElo "1968"]
[PlyCount "136"]
[EventDate "2019.06.08"]
[EventType "swiss"]
[EventRounds "9"]
[EventCountry "GER"]
[SourceTitle "EXT 2022"]
[Source "ChessBase"]
[SourceDate "2021.10.06"]
[SourceVersion "1"]
[SourceVersionDate "2021.10.06"]
[SourceQuality "1"]

1. d4 d5 2. Bf4 e6 3. e3 Nf6 4. Nd2 Be7 5. Ngf3 Nbd7 6. Bd3 Nh5 7. Bg3 f5 8. Be5 0-0 9. c4 c6 10. 0-0 Qe8 11. cxd5 exd5 12. Be2 Nhf6 13. h3 Ne4 14. Bh2 Bf6 15. Rc1 g5 16. b4 g4 17. hxg4 fxg4 18. Ne1 g3 19. fxg3 Bg5 20. Rf4 Bxf4 21. gxf4 Ndf6 22. Nxe4 Nxe4 23. Nf3 Bf5 24. Ne5 Nd6 25. Bh5 Bg6 26. Qg4 Rf6 27. Bg3 Qe6 28. Qxe6+ Rxe6 29. Bg4 Nf5 30. Bf2 Kg7 31. Bh3 h5 32. b5 Rc8 33. bxc6 bxc6 34. Rb1 Rc7 35. Rb8 Ree7 36. g4 hxg4 37. Bxg4 Nh6 38. Bh3 Bf5 39. Bf1 Ng4 40. Nxg4 Bxg4 41. Ba6 Bf3 42. Kf1 Kg6 43. Bd3+ Be4 44. Ba6 Rh7 45. Rg8+ Kf7 46. Rb8 Rh1+ 47. Bg1 Kf6 48. Rg8 c5 49. dxc5 Rxc5 50. Rf8+ Ke7 51. Rc8 Rxc8 52. Bxc8 Kd6 53. Ba6 Kc5 54. Be2 Kb4 55. Ba6 Ka3 56. Bb7 Kxa2 57. f5 a5 58. f6 Rh6 59. Ke2 Rxf6 60. Bf2 a4 61. Bh4 Rb6 62. Bc8 Rb2+ 63. Ke1 Kb3 64. Bf6 a3 65. Bd7 Rb1+ 66. Kd2 a2 67. Bb5 Rb2+ 68. Bxb2 Kxb2 0-1

[Event "Hamburg-ch MB"]
[Site "Hamburg"]
[Date "2019.06.08"]
[Round "1"]
[White "Schulz, Hans Juergen"]
[Black "Joehnk, Christian"]
[Result "1-0"]
[WhiteElo "1817"]
[BlackElo "1968"]
[PlyCount "73"]
[EventDate "2019.06.08"]
[EventType "swiss"]
[EventRounds "9"]
[EventCountry "GER"]
[SourceTitle "EXT 2022"]
[Source "ChessBase"]
[SourceDate "2021.10.06"]
[SourceVersion "1"]
[SourceVersionDate "2021.10.06"]
[SourceQuality "1"]

1. e4 d6 2. d4 Nf6 3. Nc3 Nbd7 4. f4 e5 5. fxe5 dxe5 6. dxe5 Nxe5 7. Qxd8+ Kxd8 8. Bf4 Bd6 9. 0-0-0 Ke7 10. h3 Nd3+ 11. Bxd3 Bxf4+ 12. Kb1 c6 13. Nf3 Be6 14. Ne2 Nh5 15. g4 Ng3 16. Nxf4 Nxh1 17. Rxh1 Rad8 18. Re1 h6 19. Nh4 g5 20. Nhg6+ fxg6 21. Nxg6+ Kd6 22. e5+ Kc5 23. Nxh8 Rxh8 24. Bf5 Re8 25. c3 a5 26. Kc2 Re7 27. Bxe6 Rxe6 28. Kd3 Kd5 29. c4+ Kc5 30. Ke4 Kxc4 31. Kf5 Re8 32. e6 Kd3 33. Kf6 Kd2 34. Re5 Ra8 35. e7 Kc2 36. Re2+ Kd3 37. e8Q 1-0

[Event "Pinneberg-ch"]
[Site "Pinneberg"]
[Date "2007.10.04"]
[Round "6"]
[White "Joehnk, Christian"]
[Black "Hadlich, Winfried"]
[Result "1-0"]
[WhiteElo "2031"]
[BlackElo "1988"]
[PlyCount "71"]
[EventDate "2007.08.30"]
[EventType "swiss"]
[EventRounds "7"]
[EventCountry "GER"]
[SourceTitle "CBM 120 Extra"]
[Source "ChessBase"]
[SourceDate "2007.11.01"]
[SourceVersion "1"]
[SourceVersionDate "2007.11.01"]
[SourceQuality "1"]

1. d4 Nf6 2. Nf3 c5 3. e3 e6 4. Bd3 d5 5. c3 Bd6 6. Nbd2 Nc6 7. 0-0 Qc7 8. dxc5 Bxc5 9. e4 d4 10. cxd4 Bxd4 11. Nxd4 Nxd4 12. f4 Bd7 13. e5 Nd5 14. Ne4 Nf5 15. Qh5 g6 16. Qg5 Qb6+ 17. Kh1 Qd8 18. g4 Qxg5 19. fxg5 Nfe7 20. Nd6+ Kd8 21. Nxf7+ Kc7 22. Nxh8 Rxh8 23. Bd2 Bc6 24. Kg1 h5 25. gxh6 g5 26. Bxg5 Be8 27. Rf3 Nc6 28. Re1 Nd4 29. Rf2 a6 30. h7 Nb4 31. Bb1 Nd5 32. Bh6 Nf4 33. Rxf4 Nf3+ 34. Rxf3 Bg6 35. Bxg6 Rxh7 36. Bxh7 1-0

[Event "Pinneberg-ch"]
[Site "Pinneberg"]
[Date "2007.09.27"]
[Round "5"]
[White "Iwanow, Thomas"]
[Black "Joehnk, Christian"]
[Result "1/2-1/2"]
[WhiteElo "1715"]
[BlackElo "2031"]
[PlyCount "70"]
[EventDate "2007.08.30"]
[EventType "swiss"]
[EventRounds "7"]
[EventCountry "GER"]
[SourceTitle "CBM 120 Extra"]
[Source "ChessBase"]
[SourceDate "2007.11.01"]
[SourceVersion "1"]
[SourceVersionDate "2007.11.01"]
[SourceQuality "1"]

1. d4 d5 2. Nf3 c6 3. Bf4 e6 4. e3 f5 5. Be2 Nf6 6. Nbd2 Be7 7. Ne5 Nbd7 8. Bh5+ g6 9. Be2 0-0 10. Bh6 Re8 11. Ndf3 Bd6 12. Bg5 Qa5+ 13. c3 Ne4 14. h4 Nxe5 15. Nxe5 Bxe5 16. dxe5 Nxg5 17. hxg5 Qb6 18. Qd2 Bd7 19. Rh6 Rac8 20. f4 Red8 21. Kf2 Be8 22. Rah1 Rd7 23. g4 Rcd8 24. R1h3 c5 25. gxf5 gxf5 26. Qc1 Rg7 27. b3 Qa5 28. Qc2 Bg6 29. Bh5 d4 30. exd4 cxd4 31. Bxg6 dxc3 32. Bxh7+ Rxh7 33. Rxh7 Rd2+ 34. Qxd2 cxd2 35. Rh8+ Kg7 1/2-1/2

[Event "Hamburg HSK Elo op 5th"]
[Site "Hamburg"]
[Date "2007.04.28"]
[Round "1.15"]
[White "Joehnk, Christian"]
[Black "Koelblin, Andreas"]
[Result "1-0"]
[WhiteElo "2044"]
[BlackElo "1557"]
[PlyCount "133"]
[EventDate "2007.04.28"]
[EventType "swiss"]
[EventRounds "7"]
[EventCountry "GER"]
[SourceTitle "EXT 2009"]
[Source "ChessBase"]
[SourceDate "2008.11.26"]
[SourceVersion "1"]
[SourceVersionDate "2008.11.26"]
[SourceQuality "1"]

1. d4 Nf6 2. Nf3 g6 3. Bg5 Bg7 4. Nbd2 d6 5. c3 0-0 6. e4 Nbd7 7. Bc4 a6 8. e5 dxe5 9. dxe5 Ng4 10. e6 Nde5 11. exf7+ Nxf7 12. Qb3 Qe8 13. 0-0 Kh8 14. Rae1 Nf6 15. Ne4 Nd6 16. Nxd6 cxd6 17. Bh4 h6 18. Bg3 e5 19. Bxe5 dxe5 20. Nxe5 Kh7 21. Bf7 Rxf7 22. Nxf7 Qf8 23. Rd1 Bg4 24. f3 Bf5 25. Nd6 b5 26. Nxf5 gxf5 27. Qe6 Nh5 28. Rd5 Re8 29. Qxf5+ Qxf5 30. Rxf5 Kg6 31. g4 Nf6 32. Kf2 Rd8 33. Re1 Rd2+ 34. Re2 Rd1 35. Rc5 h5 36. h3 hxg4 37. hxg4 Rh1 38. Kg2 Ra1 39. a3 Rd1 40. Rc6 Kh7 41. Rxa6 Nd5 42. Kf2 Bf6 43. Ree6 Bh4+ 44. Ke2 Re1+ 45. Kd2 Rxe6 46. Rxe6 Bg5+ 47. Kc2 Ne3+ 48. Kb3 Nd1 49. Re5 Bf6 50. Rf5 Kg6 51. Kb4 Ne3 52. Rxb5 Nc2+ 53. Kb3 Ne1 54. Rf5 Ng2 55. a4 Ne3 56. Rh5 Bd8 57. a5 Ng2 58. a6 Bb6 59. Rb5 Be3 60. Rb7 Ne1 61. a7 Bxa7 62. Rxa7 Nxf3 63. c4 Ne5 64. Ra8 Kf6 65. Rg8 Kf7 66. Rg5 Ng6 67. Rxg6 1-0

[Event "Pinneberg-ch"]
[Site "Pinneberg"]
[Date "2006.09.15"]
[Round "5.17"]
[White "Joehnk, Christian"]
[Black "Draeger, Klaus"]
[Result "1-0"]
[WhiteElo "2061"]
[BlackElo "1932"]
[PlyCount "31"]
[EventDate "2006.08.22"]
[EventType "swiss"]
[EventRounds "7"]
[EventCountry "GER"]
[SourceTitle "EXT 2007"]
[Source "ChessBase"]
[SourceDate "2006.11.23"]
[SourceVersion "1"]
[SourceVersionDate "2006.11.23"]
[SourceQuality "1"]

1. d4 Nf6 2. Nf3 g6 3. Bg5 Bg7 4. Nbd2 d6 5. e3 Nbd7 6. Bc4 c5 7. c3 d5 8. Bd3 c4 9. Bc2 a6 10. a4 0-0 11. h4 h6 12. Bf4 Ng4 13. h5 g5 14. Nxg5 hxg5 15. Qxg4 e5 16. Bxg5 1-0

[Event "Pinneberg-ch"]
[Site "Pinneberg"]
[Date "2006.09.08"]
[Round "4.19"]
[White "Lorenz, Jens"]
[Black "Joehnk, Christian"]
[Result "1/2-1/2"]
[WhiteElo "1820"]
[BlackElo "2061"]
[PlyCount "67"]
[EventDate "2006.08.22"]
[EventType "swiss"]
[EventRounds "7"]
[EventCountry "GER"]
[SourceTitle "EXT 2007"]
[Source "ChessBase"]
[SourceDate "2006.11.23"]
[SourceVersion "1"]
[SourceVersionDate "2006.11.23"]
[SourceQuality "1"]

1. d4 d5 2. c4 e6 3. Nc3 f5 4. Nf3 Nf6 5. Bg5 Be7 6. e3 c6 7. Bd3 0-0 8. 0-0 Kh8 9. Rc1 Ne4 10. Bxe7 Qxe7 11. Ne5 Nd7 12. f4 Rf6 13. Bxe4 fxe4 14. Qh5 Kg8 15. Qh4 Qe8 16. g4 Nf8 17. g5 Ng6 18. Qh5 Rf8 19. Nxg6 hxg6 20. Qe2 Kf7 21. Rf2 Bd7 22. c5 Rh8 23. b4 a6 24. a4 Rh3 25. Rcf1 Qh8 26. Rg2 Qh5 27. Nd1 Rh8 28. Rff2 Rf3 29. a5 Qh3 30. Qd2 Ke7 31. Rxf3 Qxf3 32. Qe2 Qh3 33. Rg3 Qh5 34. Rg2 1/2-1/2

[Event "Pinneberg-ch"]
[Site "Pinneberg"]
[Date "2006.09.01"]
[Round "3.11"]
[White "Joehnk, Christian"]
[Black "Van Riesen, Klaus"]
[Result "0-1"]
[WhiteElo "2061"]
[BlackElo "2118"]
[PlyCount "72"]
[EventDate "2006.08.22"]
[EventType "swiss"]
[EventRounds "7"]
[EventCountry "GER"]
[SourceTitle "EXT 2007"]
[Source "ChessBase"]
[SourceDate "2006.11.23"]
[SourceVersion "1"]
[SourceVersionDate "2006.11.23"]
[SourceQuality "1"]

1. d4 Nf6 2. Nf3 c5 3. e3 b6 4. c3 Bb7 5. Nbd2 g6 6. Bd3 Bg7 7. 0-0 0-0 8. Qe2 d6 9. e4 cxd4 10. cxd4 e6 11. Rd1 Nc6 12. a3 Rc8 13. e5 Ne8 14. Nc4 d5 15. Ne3 Na5 16. Ng4 Nb3 17. Bg5 Nxd4 18. Qe3 Nxf3+ 19. gxf3 Qd7 20. Bf6 Bxf6 21. exf6 Qd8 22. Qg5 d4 23. Be4 Bxe4 24. fxe4 Rc5 25. Nh6+ Kh8 26. e5 d3 27. Rd2 Qd4 28. Ng4 h5 29. Re1 hxg4 30. Re3 Rc1+ 31. Kg2 Qd5+ 32. Kg3 Rg1+ 33. Kf4 Qc4+ 34. Re4 Qc1 35. Ke3 Re1+ 36. Kxd3 Qb1+ 0-1

[Event "Hamburg Junge op"]
[Site "Hamburg"]
[Date "2005.10.07"]
[Round "7"]
[White "Joehnk, Christian"]
[Black "Wiradimaja, Sugilar"]
[Result "1/2-1/2"]
[WhiteElo "2034"]
[BlackElo "2151"]
[PlyCount "122"]
[EventDate "2005.10.01"]
[EventType "swiss"]
[EventRounds "9"]
[EventCountry "GER"]
[SourceTitle "CBM 108 Extra"]
[Source "ChessBase"]
[SourceDate "2005.11.04"]
[SourceVersion "1"]
[SourceVersionDate "2005.11.04"]
[SourceQuality "1"]

1. d4 Nf6 2. Nf3 g6 3. Bg5 Bg7 4. Nbd2 h6 5. Bh4 0-0 6. e3 d6 7. Bd3 Nbd7 8. c3 c5 9. 0-0 b6 10. e4 e5 11. d5 g5 12. Bg3 Nh5 13. Nxe5 Nxg3 14. Nc6 Qe8 15. hxg3 Ne5 16. Nxe5 Qxe5 17. Nc4 Qe7 18. Ne3 Rb8 19. a4 a6 20. Qe2 b5 21. axb5 axb5 22. Ra5 c4 23. Bc2 Re8 24. Rfa1 Rb7 25. Ra8 b4 26. Qxc4 bxc3 27. Rxc8 cxb2 28. Rb1 Qd7 29. Rxe8+ Qxe8 30. Nf5 Be5 31. Nxh6+ Kf8 32. Ng4 Bg7 33. Ne3 Qb8 34. Qd3 Rb4 35. Nc4 Qc7 36. Bb3 Qc5 37. Qc2 Qb5 38. Nd2 Bd4 39. Qc8+ Kg7 40. Bc4 Qa4 41. Bd3 Qa3 42. Qc2 Rb8 43. Nc4 Qc5 44. Nxb2 Qxc2 45. Bxc2 Rxb2 46. Rxb2 Bxb2 47. f4 Kf6 48. Kf2 Bc1 49. Kf3 Bd2 50. Kg4 Be3 51. Ba4 Bd2 52. Be8 Be3 53. fxg5+ Bxg5 54. Bxf7 Be3 55. Be8 Bd4 56. Kh5 Be5 57. g4 Kg7 58. g5 Bf4 59. Kg4 Be5 60. Kf5 Bg3 61. Kg4 Be5 1/2-1/2

[Event "Hamburg Junge op"]
[Site "Hamburg"]
[Date "2005.10.06"]
[Round "6"]
[White "Drost, Peter"]
[Black "Joehnk, Christian"]
[Result "1-0"]
[WhiteElo "2190"]
[BlackElo "2034"]
[PlyCount "63"]
[EventDate "2005.10.01"]
[EventType "swiss"]
[EventRounds "9"]
[EventCountry "GER"]
[SourceTitle "CBM 108 Extra"]
[Source "ChessBase"]
[SourceDate "2005.11.04"]
[SourceVersion "1"]
[SourceVersionDate "2005.11.04"]
[SourceQuality "1"]

1. e4 e5 2. Nf3 Nf6 3. Nxe5 Nxe4 4. Qe2 Qe7 5. Qxe4 d6 6. d4 dxe5 7. Qxe5 Qxe5+ 8. dxe5 Bf5 9. Bb5+ Nd7 10. 0-0 Bxc2 11. Nc3 c6 12. Bc4 Nb6 13. Be2 Bb4 14. Be3 0-0 15. Rac1 Bxc3 16. bxc3 Bf5 17. c4 Rfd8 18. Rc3 Rd7 19. Ra3 Nc8 20. Bf3 Be6 21. Rc1 Ne7 22. Bc5 Ng6 23. Re3 Nh4 24. Be4 Bxc4 25. g3 Bxa2 26. gxh4 Bd5 27. Rd3 Rad8 28. Rcd1 b6 29. Bxd5 cxd5 30. Bd6 Rxd6 31. exd6 Rxd6 32. Rxd5 1-0

[Event "Hamburg Junge op"]
[Site "Hamburg"]
[Date "2005.10.04"]
[Round "4"]
[White "Beilfuss, Bjoern"]
[Black "Joehnk, Christian"]
[Result "0-1"]
[WhiteElo "1427"]
[BlackElo "2034"]
[PlyCount "90"]
[EventDate "2005.10.01"]
[EventType "swiss"]
[EventRounds "9"]
[EventCountry "GER"]
[SourceTitle "CBM 108 Extra"]
[Source "ChessBase"]
[SourceDate "2005.11.04"]
[SourceVersion "1"]
[SourceVersionDate "2005.11.04"]
[SourceQuality "1"]

1. d4 f5 2. Nc3 Nf6 3. Bg5 b6 4. Bxf6 exf6 5. e4 fxe4 6. Qh5+ g6 7. Qd5 c6 8. Qxe4+ Qe7 9. Qxe7+ Bxe7 10. Bd3 d5 11. Nge2 Na6 12. a3 Nc7 13. 0-0 0-0 14. f4 f5 15. Ng3 Bf6 16. Nce2 Ne8 17. c4 Ba6 18. Rac1 Nd6 19. b3 Rfe8 20. Rfd1 Re3 21. Nf1 Ree8 22. Nd2 Rac8 23. Nf3 dxc4 24. bxc4 Bxc4 25. Ne5 Bb3 26. Re1 Ba4 27. Nc3 Bb3 28. Nb1 Nb5 29. Bxb5 cxb5 30. Nd2 Bd5 31. Ndf3 Red8 32. Rxc8 Rxc8 33. Nd7 Bg7 34. Nde5 Rc3 35. Ra1 Bxf3 36. Nxf3 Rxf3 37. Rd1 Rxf4 38. d5 Rd4 39. Rc1 Rxd5 40. Rc8+ Bf8 41. Rc7 a5 42. Kf1 Bxa3 43. Rc8+ Kg7 44. Rc7+ Kh6 45. Rc3 Bc5 0-1

[Event "Leipzig VfB op 11th"]
[Site "Leipzig"]
[Date "2004.03.20"]
[Round "8"]
[White "Kielstein, Hans"]
[Black "Joehnk, Christian"]
[Result "0-1"]
[WhiteElo "1898"]
[BlackElo "2042"]
[PlyCount "84"]
[EventDate "2004.03.16"]
[EventType "swiss"]
[EventRounds "9"]
[EventCountry "GER"]
[SourceTitle "EXT 2007"]
[Source "ChessBase"]
[SourceDate "2006.11.23"]
[SourceVersion "1"]
[SourceVersionDate "2006.11.23"]
[SourceQuality "1"]

1. e4 e5 2. f4 Bc5 3. Nf3 d6 4. c3 Nc6 5. d4 exd4 6. cxd4 Bb6 7. Bc4 Nf6 8. Nc3 0-0 9. 0-0 Qe7 10. Qd3 Bg4 11. Be3 Nb4 12. Qb1 d5 13. Bb3 dxe4 14. Ne5 Rad8 15. Nxe4 Bf5 16. Nxf6+ Qxf6 17. Qe1 Bxd4 18. Bxd4 Rxd4 19. Nxf7 Nd5 20. Ne5 Be6 21. Rd1 Rxd1 22. Qxd1 Ne3 23. Bxe6+ Qxe6 24. Qd7 Qxe5 25. Re1 Qd5 26. Qh3 Qxg2+ 27. Qxg2 Nxg2 28. Kxg2 Rxf4 29. Re7 Rc4 30. Re2 a5 31. Kf3 Kf7 32. Ke3 Rc6 33. Kd4 h6 34. b3 g5 35. h3 Kf6 36. a3 h5 37. Re3 Kg6 38. Re8 g4 39. h4 Kg7 40. Re5 g3 41. Ke3 g2 42. Kf2 Rf6+ 0-1

[Event "Leipzig VfB op 11th"]
[Site "Leipzig"]
[Date "2004.03.18"]
[Round "4"]
[White "Erdmann, Ingo"]
[Black "Joehnk, Christian"]
[Result "1/2-1/2"]
[WhiteElo "1624"]
[BlackElo "2042"]
[PlyCount "56"]
[EventDate "2004.03.16"]
[EventType "swiss"]
[EventRounds "9"]
[EventCountry "GER"]
[SourceTitle "EXT 2007"]
[Source "ChessBase"]
[SourceDate "2006.11.23"]
[SourceVersion "1"]
[SourceVersionDate "2006.11.23"]
[SourceQuality "1"]

1. c4 f5 2. Nc3 Nf6 3. Nf3 e6 4. g3 d5 5. cxd5 exd5 6. d4 Be7 7. Bg2 0-0 8. 0-0 c6 9. Qb3 Ne4 10. Ne5 Nd6 11. e4 fxe4 12. Nxe4 Nxe4 13. Bxe4 Qb6 14. Qxb6 axb6 15. Bg2 Nd7 16. Bf4 Bf6 17. Rfe1 Ra4 18. Red1 g5 19. Nxd7 Bxd7 20. Be3 Rfa8 21. a3 b5 22. Rd3 Bf5 23. Rd2 b4 24. h3 bxa3 25. bxa3 Rxa3 26. Rxa3 Rxa3 27. Rb2 b5 28. g4 Bd3 1/2-1/2

[Event "Leipzig VfB op 10th"]
[Site "Leipzig"]
[Date "2003.03.12"]
[Round "3"]
[White "Joehnk, Christian"]
[Black "Neubert, Frank"]
[Result "0-1"]
[WhiteElo "2045"]
[BlackElo "1681"]
[PlyCount "50"]
[EventDate "2003.03.11"]
[EventType "swiss"]
[EventRounds "9"]
[EventCountry "GER"]
[SourceTitle "EXT 2008"]
[Source "ChessBase"]
[SourceDate "2007.11.25"]
[SourceVersion "1"]
[SourceVersionDate "2007.11.25"]
[SourceQuality "1"]

1. d4 Nf6 2. Nf3 d6 3. Bg5 Nbd7 4. Nbd2 e5 5. e4 Be7 6. d5 Nxd5 7. exd5 Bxg5 8. Bd3 Bxd2+ 9. Qxd2 Nf6 10. 0-0-0 0-0 11. Ng5 a6 12. h4 Qe8 13. Rdf1 Qa4 14. Kb1 e4 15. Be2 h6 16. Nh3 Re8 17. b3 Qa3 18. g4 Qc5 19. g5 e3 20. fxe3 Ne4 21. Qe1 Nc3+ 22. Kb2 Rxe3 23. Qf2 f6 24. Nf4 Qd4 25. Kc1 Ne4 0-1

[Event "Leipzig VfB op 10th"]
[Site "Leipzig"]
[Date "2003.03.12"]
[Round "2"]
[White "Ksieski, Zbigniew"]
[Black "Joehnk, Christian"]
[Result "1-0"]
[WhiteElo "2385"]
[BlackElo "2045"]
[PlyCount "59"]
[EventDate "2003.03.11"]
[EventType "swiss"]
[EventRounds "9"]
[EventCountry "GER"]
[SourceTitle "EXT 2008"]
[Source "ChessBase"]
[SourceDate "2007.11.25"]
[SourceVersion "1"]
[SourceVersionDate "2007.11.25"]
[SourceQuality "1"]

1. d4 d5 2. Nf3 e6 3. c4 c6 4. g3 f5 5. Qc2 Nf6 6. Nc3 Be7 7. b3 0-0 8. Bg2 Ne4 9. 0-0 Nd7 10. e3 Qe8 11. Ne2 g5 12. Ne1 g4 13. a4 Bg5 14. f3 gxf3 15. Nxf3 Bh6 16. Nf4 Ndf6 17. Ne5 Nd7 18. Ba3 Rf6 19. Bxe4 dxe4 20. Kh1 Nxe5 21. dxe5 Rf7 22. Rad1 b6 23. Bd6 c5 24. Qe2 Rd7 25. g4 fxg4 26. Qxg4+ Rg7 27. Qh3 Bg5 28. Nh5 Rf7 29. Rxf7 Kxf7 30. Nf6 1-0

[Event "Leipzig VfB op 10th"]
[Site "Leipzig"]
[Date "2003.03.11"]
[Round "1"]
[White "Joehnk, Christian"]
[Black "Jochens, Sylvia"]
[Result "1-0"]
[WhiteElo "2045"]
[BlackElo "1520"]
[PlyCount "87"]
[EventDate "2003.03.11"]
[EventType "swiss"]
[EventRounds "9"]
[EventCountry "GER"]
[SourceTitle "EXT 2008"]
[Source "ChessBase"]
[SourceDate "2007.11.25"]
[SourceVersion "1"]
[SourceVersionDate "2007.11.25"]
[SourceQuality "1"]

1. f4 d5 2. Nf3 c5 3. e3 Nf6 4. b3 g6 5. Bb2 Bg7 6. Be2 Nc6 7. 0-0 0-0 8. d4 Qd6 9. Ne5 Bf5 10. g4 Be4 11. Nd2 Rac8 12. Ba3 b6 13. dxc5 bxc5 14. g5 Ne8 15. Nxe4 dxe4 16. Nc4 Qc7 17. Bb2 Bxb2 18. Nxb2 Rd8 19. Qe1 Nb4 20. Qc1 Ng7 21. Nc4 Nf5 22. Bg4 Nd6 23. Be2 Nxc4 24. Bxc4 Rd6 25. a3 Nc6 26. Rd1 Rfd8 27. Rxd6 Rxd6 28. Be2 Qd7 29. Qf1 Rd2 30. Rd1 e5 31. Kf2 exf4 32. exf4 Qd4+ 33. Kg2 e3 34. Qf3 Rxd1 35. Bxd1 Qd2+ 36. Qe2 Qxe2+ 37. Bxe2 Nd4 38. Bd3 Kf8 39. b4 cxb4 40. axb4 Ke7 41. c3 Nb3 42. Kf3 a5 43. Kxe3 axb4 44. cxb4 1-0

[Event "Wichern op 6th"]
[Site "Hamburg"]
[Date "2001.10.21"]
[Round "9.44"]
[White "Joehnk, Christian"]
[Black "Luett, Michael"]
[Result "0-1"]
[WhiteElo "1830"]
[BlackElo "2115"]
[PlyCount "120"]
[EventDate "2001.10.21"]
[EventType "swiss"]
[EventRounds "9"]
[EventCountry "GER"]
[SourceTitle "EXT 2002"]
[Source "ChessBase"]
[SourceDate "2001.11.25"]
[SourceVersion "1"]
[SourceVersionDate "2001.11.25"]
[SourceQuality "1"]

1. d4 c5 2. e4 cxd4 3. c3 d5 4. Qxd4 dxe4 5. Qxd8+ Kxd8 6. Bc4 f5 7. Be3 e5 8. f4 Nc6 9. Nd2 Bd6 10. 0-0-0 Ke7 11. Ne2 Nf6 12. h3 a6 13. Rhf1 b5 14. Bb3 Bd7 15. Bc2 Rac8 16. fxe5 Nxe5 17. Nd4 g6 18. Bg5 Rhf8 19. Bxe4 Ke8 20. Bb7 Rb8 21. Bf3 Be7 22. N2b3 Nxf3 23. Nxf3 Ne4 24. Rfe1 Be6 25. Nbd4 Rb6 26. Be3 Bc5 27. Nxf5 Rxf5 28. Bxc5 Nxc5 29. Nd4 Rf6 30. Rd2 Kf7 31. Nf3 h6 32. Ne5+ Kg7 33. b3 a5 34. Nf3 Bf5 35. Ne5 Rbd6 36. g4 Rxd2 37. Kxd2 Bc8 38. b4 axb4 39. cxb4 Rd6+ 40. Kc3 Na4+ 41. Kc2 Be6 42. a3 Nb6 43. Kc3 Kf6 44. Nf3 Nd5+ 45. Kb2 Nf4 46. Rf1 g5 47. h4 Bxg4 48. hxg5+ hxg5 49. Ne1 Rd1 50. Kc2 Be2 51. Rg1 Nd3 52. Nf3 Bxf3 53. Rxd1 Bxd1+ 54. Kxd1 Ke5 55. Ke2 Kd4 56. Kf3 Ne5+ 57. Ke2 Kc3 58. a4 bxa4 59. b5 a3 60. b6 a2 0-1

[Event "Wichern op 6th"]
[Site "Hamburg"]
[Date "2001.10.20"]
[Round "8.50"]
[White "Antunes, Victor"]
[Black "Joehnk, Christian"]
[Result "1/2-1/2"]
[WhiteElo "1993"]
[BlackElo "1830"]
[PlyCount "119"]
[EventDate "2001.10.21"]
[EventType "swiss"]
[EventRounds "9"]
[EventCountry "GER"]
[SourceTitle "EXT 2002"]
[Source "ChessBase"]
[SourceDate "2001.11.25"]
[SourceVersion "1"]
[SourceVersionDate "2001.11.25"]
[SourceQuality "1"]

1. e4 e5 2. Nf3 Nf6 3. Nxe5 Nxe4 4. Qe2 Qe7 5. Qxe4 d6 6. d4 dxe5 7. Qxe5 Qxe5+ 8. dxe5 Bf5 9. c3 Nd7 10. Bf4 0-0-0 11. Bc4 Nc5 12. Be3 Re8 13. b4 Nd3+ 14. Bxd3 Bxd3 15. f4 g5 16. Kf2 Bg7 17. Re1 gxf4 18. Bxf4 f6 19. e6 Re7 20. Re3 Bf5 21. Nd2 Rhe8 22. Nf3 Rxe6 23. Nd4 Rxe3 24. Bxe3 Be4 25. Rd1 f5 26. g3 Rd8 27. Rd2 Be5 28. a4 h5 29. Ne6 Rxd2+ 30. Bxd2 Bd5 31. Nf4 Bf7 32. Ne2 Bc4 33. Nd4 Bxd4+ 34. cxd4 Kd7 35. Ke3 Ke6 36. Kf4 Bd3 37. Kg5 Be2 38. Bf4 c6 39. Be5 Bg4 40. Kf4 Kd5 41. Ke3 Kc4 42. Bd6 Kd5 43. Bb8 a6 44. Be5 Ke6 45. Kd3 Kd5 46. Bc7 Bf3 47. Bb6 Bg4 48. a5 Bf3 49. Ke3 Bg4 50. Kf4 Ke6 51. Kg5 Kf7 52. Bc5 Kg7 53. Bd6 Kf7 54. Bc7 Ke6 55. Kg6 Kd5 56. Bb6 Ke6 57. Bc5 Kd7 58. Kf6 Bh3 59. Ke5 Kc7 60. Kf6 1/2-1/2

[Event "Wichern op 6th"]
[Site "Hamburg"]
[Date "2001.10.18"]
[Round "6.57"]
[White "Wagner, Ralf"]
[Black "Joehnk, Christian"]
[Result "1/2-1/2"]
[WhiteElo "2106"]
[BlackElo "1840"]
[PlyCount "129"]
[EventDate "2001.10.21"]
[EventType "swiss"]
[EventRounds "9"]
[EventCountry "GER"]
[SourceTitle "EXT 2002"]
[Source "ChessBase"]
[SourceDate "2001.11.25"]
[SourceVersion "1"]
[SourceVersionDate "2001.11.25"]
[SourceQuality "1"]

1. d4 d5 2. c4 e6 3. Nc3 f5 4. e3 Nf6 5. f4 Be7 6. Nf3 0-0 7. Be2 c6 8. 0-0 Bd7 9. Ne5 Be8 10. Bd2 Nbd7 11. Qc2 Bh5 12. Bxh5 Nxh5 13. cxd5 Nxe5 14. d6 Nc4 15. dxe7 Qxe7 16. Rf3 Nf6 17. Be1 Nd5 18. Nd1 Nd6 19. Qc5 Rf7 20. Bb4 Nxb4 21. Qxb4 Ne4 22. Qxe7 Rxe7 23. Rc1 Rd7 24. Nc3 c5 25. Ne2 Nd2 26. Rf2 Ne4 27. Rff1 b6 28. Rfd1 Rad8 29. Kf1 Nf6 30. h3 Nd5 31. Kf2 Nb4 32. a3 Nc6 33. Ke1 Na5 34. b4 Nb7 35. dxc5 Rxd1+ 36. Rxd1 Rxd1+ 37. Kxd1 bxc5 38. bxc5 Nxc5 39. Kc2 Kf7 40. Kc3 Ke7 41. Kd4 Kd6 42. Nc3 a6 43. Kc4 Kc6 44. Ne2 g6 45. Nd4+ Kd6 46. Nf3 Nd7 47. Kd4 h6 48. h4 a5 49. Kc4 Nb6+ 50. Kb5 Nd5 51. Nd4 Nxe3 52. g3 e5 53. fxe5+ Kxe5 54. Ne2 Nc2 55. a4 Nd4+ 56. Nxd4 Kxd4 57. Kxa5 Kc5 58. Ka6 g5 59. hxg5 hxg5 60. a5 Kc6 61. Ka7 f4 62. gxf4 gxf4 63. a6 Kc7 64. Ka8 f3 65. a7 1/2-1/2